000
00352pab a2200157 454500
008
180718b2001 xxu||||| |||| 00| 0 eng d
100
_a
Lal, A.K.
245
_a
Social life in slums
260
_c
2001
300
_a
p.69-75
362
_a
Mar
650
_a
Social participation
650
_a
Slums
773
_a
Man and Development
909
_a
48313
999
_c
48313
_d
48313